00740nam a2200157 i 450000100060000000300090000600500170001500700030003200800410003510000260007624502640010226000430036630000210040971000720043085200800050229262ES-MaACL20230906154012.0t|030121s1875 sp ||||1| spa d1 aBallester, Guillermo.13aEl trabajo y sus resultados con relación a las diferentes clases de alumnos del Colegio Hispano-Romano de Nuestra Señora de la Esperanza : bdiscurso leido el dia 19 de diciembre de 1875 por D. Guillermo Ballester en la solemne distribución de premios. aMadrid : b[s.n., c1875] (fFortanet) a32 p. ; c22 cm.2 aColegio Hispano-Romano de Nuestra Señora de la Esperanza (Madrid) aES-MaACLjT-207-F-5 z.- Enc. en un vol. facticio falto de la cub. original